000 00374 a2200121 4500
001 ART_9060
005 20260410161845.0
008 260409a
245 1 0 _aAranceles y subsidios a las exportaciones
100 1 _aEchavarría, Juan J.
700 1 _aPerry, Guillermo E.
773 0 _tEl trimestre económico
_g- Vol. L, Nº 197 (ene./mar. 1983)
_wREV6933
999 _c24495
_d24495